|
|
|
|
| LEADER |
00000cas a2200000 a 4500 |
| 001 |
vtls010300264 |
| 003 |
SK-MaSNL |
| 005 |
20260228163015.0 |
| 008 |
110810d19401944xo wr|p r 0 b0slo |
| 015 |
|
|
|a SNBDS17XX9999
|
| 015 |
|
|
|a 0323
|2 Fedor 1939-44
|
| 038 |
|
|
|a SNKBUDS
|
| 040 |
|
|
|a SNK
|b slo
|c SNK
|e AACR2
|
| 041 |
0 |
|
|a slo
|
| 044 |
|
|
|a xo
|c SK
|
| 245 |
0 |
0 |
|a Naša nedeľa
|b zmenšené vydanie Svornosti pre Nitru a okolie
|
| 260 |
|
|
|a Nitra
|b Michal Boleček
|c 1940-1944
|
| 300 |
|
|
|a 5 zv.
|c 30 x 21 cm
|
| 310 |
|
|
|a 1x týždenne
|
| 362 |
0 |
|
|a Roč. IV, č. 1 (10.11.1940)-roč. VIII, č. 52 (1944)
|
| 500 |
|
|
|a Vych. v Nitre v nedeľu
|
| 500 |
|
|
|a Red. a vyd. Michal Boleček
|
| 500 |
|
|
|a Tlač. Ján Rišňovský [do 12/VII (18. 7. 1943)]; Kníhtlač. Andreja (čís. 13/VII (1. 8. 1943)]; Kníhtlač. Dušana Tyršela [od 14/VII (17. 10. 1943)]
|
| 500 |
|
|
|a Vych. od 10.11.1940. Vyhl. NÚZ 562 Or. nov. z 29. 12. 1942 časopis mal zakázané používať papier a tlačiarenské práce (preto 2. číslo VII. ročníka 1943 vyšlo až 9. 5. 1943)
|
| 500 |
|
|
|a Náboženský (rím.-kat.) regionálny týždenník. Prinášal kroniku, náboženské úvahy, populárne články, organizačné materiály. Mal aj Detský kútik
|
| 500 |
|
|
|a Bol pokračovaním týždenníka Svornosť
|
| 650 |
0 |
7 |
|a náboženstvo
|2 SNKPH
|9 2023
|
| 650 |
0 |
7 |
|a katolícke cirkvi
|2 SNKPH
|9 90971
|
| 650 |
0 |
7 |
|a kresťanský život
|2 SNKPH
|9 1808
|
| 655 |
|
7 |
|a náboženské periodiká
|2 SNKPH
|9 265093
|
| 700 |
1 |
|
|a Boleček, Michal,
|d 1897-1983
|4 pbd
|9 49069
|
| 710 |
0 |
|
|a Boleček, Michal (Nitra)
|4 pbl
|9 272752
|
| 710 |
0 |
|
|a Rišňovský, Ján (Nitra)
|4 pbl
|4 prt
|9 272753
|
| 710 |
2 |
|
|a Tlačový podnik Andrej, úč. spol. (Bratislava)
|b filiálka Nitra
|4 prt
|9 272358
|
| 710 |
0 |
|
|a Tyršel, Dušan (Nitra)
|4 prt
|9 269735
|
| 780 |
0 |
0 |
|t Svornosť
|
| 852 |
|
|
|a SNK
|b 10000
|h snkČSB 325
|
| 852 |
|
|
|a UKB
|b 300000
|h 20 B 192
|
| 852 |
|
|
|a UKB
|b 300000
|h SB 642
|
| 852 |
|
|
|a UKB
|b 300000
|h SAA 104
|
| 910 |
|
|
|a snk
|
| 958 |
|
|
|a OND
|
| 999 |
|
|
|c 8712
|d 10642
|
| 952 |
|
|
|0 0
|1 0
|4 0
|7 0
|8 5
|a SNK
|b SNK
|d 2012-02-15
|i snkF 353/79
|l 0
|o snkČSB 325/7/1943 D1
|p 17A7632951
|r 2026-02-21 20:17:39
|t č. 1-24, neúplné
|w 2026-02-21
|y PREZ
|z Chýba č. 7-12, 24
|
| 952 |
|
|
|0 0
|1 0
|4 0
|7 0
|8 5
|a SNK
|b SNK
|d 2012-02-15
|i snkF 354/79
|l 0
|o snkČSB 325/8/1944 D1
|p 17A7632964
|r 2026-02-21 20:17:39
|t č. 1-52, neúplné
|w 2026-02-21
|y PREZ
|z Chýba č. 1-10, 15-22, 51,52
|
| 952 |
|
|
|0 0
|1 0
|3 neúplné, poškodené, nezviazané
|4 0
|7 0
|8 5
|a SNK
|b SNK
|d 2003-04-04
|i snkF 1056/80
|l 0
|o snkČSB 325/5/1941
|p 17A0379946
|r 2005-01-02 00:00:00
|w 2026-02-21
|y NEVYP
|
| 952 |
|
|
|0 0
|1 0
|4 0
|7 0
|a SNK
|b SNK
|d 2003-04-04
|i snk 199/44
|l 0
|o snkČSB 325/7/1943
|p 17A0379552
|r 2005-01-02 00:00:00
|t č. 1-24
|w 2026-02-21
|y PREZ
|
| 952 |
|
|
|0 0
|1 0
|4 0
|7 0
|a SNK
|b SNK
|d 2003-04-04
|i snk 2965/44
|l 0
|o snkČSB 325/8/1944
|p 17A0379551
|r 2005-01-02 00:00:00
|w 2026-02-21
|y PREZ
|